[Event "Fuerteventura-chT"]
[Site "Puerto del Rosario"]
[Date "2017.03.25"]
[Round "3.3"]
[White "Gehrmann, Dorit"]
[Black "Gonzalez Cruz, Andres"]
[Result "1-0"]
[WhiteElo "1912"]
[BlackElo "1778"]
[PlyCount "73"]
[EventDate "2017.03.11"]
[EventType "team-tourn"]
[EventRounds "5"]
[EventCountry "ESP"]
[SourceTitle "EXT 2024"]
[Source "ChessBase"]
[SourceDate "2023.10.10"]
[SourceVersion "1"]
[SourceVersionDate "2023.10.10"]
[SourceQuality "1"]
[WhiteTeam "Taberna el Capitan"]
[BlackTeam "Capablanca"]
[WhiteTeamCountry "ESP"]
[BlackTeamCountry "ESP"]

1. e4 e5 2. Nf3 Nc6 3. Bc4 Be7 4. d3 Nf6 5. 0-0 0-0 6. h3 d6 7. a3 Be6 8. Nbd2 Bxc4 9. Nxc4 Re8 10. Ne3 g6 11. c3 d5 12. exd5 Nxd5 13. Ng4 Nf4 14. d4 h5 15. Ngxe5 Nxe5 16. Nxe5 Ne6 17. Qf3 Bf6 18. Qxb7 Nc5 19. Qb5 Bxe5 20. Qxc5 Bd6 21. Qc4 Qd7 22. Be3 Re4 23. Qd3 Rae8 24. Rad1 c6 25. Rfe1 Bb8 26. Bd2 Qf5 27. Rxe4 Rxe4 28. Qf3 Qe6 29. Be3 f5 30. g3 h4 31. Bf4 Bxf4 32. gxf4 Qd6 33. Qg2 Kf7 34. f3 Rxf4 35. Re1 Qd5 36. Qg5 Rxf3 37. Re7+ 1-0

[Event "Sachsen-Anhalt-ch Seniors 24th"]
[Site "Halberstadt"]
[Date "2016.06.03"]
[Round "6"]
[White "Wildner, Alfred"]
[Black "Gehrmann, Dorit"]
[Result "0-1"]
[WhiteElo "1797"]
[BlackElo "1897"]
[PlyCount "82"]
[EventDate "2016.05.29"]
[EventType "swiss"]
[EventRounds "7"]
[EventCountry "GER"]
[SourceTitle "EXT 2019"]
[Source "ChessBase"]
[SourceDate "2018.10.10"]
[SourceVersion "1"]
[SourceVersionDate "2018.10.10"]
[SourceQuality "1"]

1. d4 b6 2. c4 Bb7 3. Nc3 e6 4. e3 Nf6 5. Nf3 g6 6. Bd3 Bg7 7. 0-0 0-0 8. e4 d6 9. Bg5 Qc8 10. h3 Nc6 11. Rc1 Nd7 12. Ne2 Re8 13. Qd2 e5 14. d5 Ne7 15. g4 Nc5 16. Bb1 a5 17. b3 f6 18. Be3 h5 19. Nh2 hxg4 20. hxg4 Kf7 21. Kg2 Rh8 22. f3 g5 23. Ng3 Ng6 24. Nh5 Qd7 25. Ng3 Rh7 26. Rh1 Rah8 27. Bg1 Bc8 28. Nf5 Nf4+ 29. Kf1 Rh3 30. Rc3 Qe8 31. Bc2 Bxf5 32. exf5 Qg8 33. Be4 Qh7 34. Re3 Rg3 35. Qf2 Qh3+ 36. Ke1 Ng2+ 37. Kd2 Nxe3 38. Kxe3 Rg2 39. Qe1 Rxa2 40. Bf2 Nxe4 41. Kxe4 Qg2 0-1

[Event "Sachsen-Anhalt-ch Seniors 24th"]
[Site "Halberstadt"]
[Date "2016.06.01"]
[Round "4"]
[White "Gismann, Juergen"]
[Black "Gehrmann, Dorit"]
[Result "0-1"]
[WhiteElo "1719"]
[BlackElo "1897"]
[PlyCount "52"]
[EventDate "2016.05.29"]
[EventType "swiss"]
[EventRounds "7"]
[EventCountry "GER"]
[SourceTitle "EXT 2019"]
[Source "ChessBase"]
[SourceDate "2018.10.10"]
[SourceVersion "1"]
[SourceVersionDate "2018.10.10"]
[SourceQuality "1"]

1. e4 e6 2. d4 d5 3. Nd2 c5 4. exd5 Qxd5 5. Ndf3 Nc6 6. Bb5 Bd7 7. Ne2 cxd4 8. Bxc6 Bxc6 9. Qxd4 Qf5 10. Qc3 Bxf3 11. gxf3 Nf6 12. Ng3 Qb5 13. a3 Be7 14. Ra2 0-0 15. Ne4 Qd5 16. Rg1 Rfd8 17. Ke2 Rac8 18. Nxf6+ Bxf6 19. Qb3 Qxb3 20. cxb3 Rc2+ 21. Ke3 Bd4+ 22. Ke4 Rxf2 23. Re1 Rxh2 24. f4 h5 25. b4 e5 26. Kf3 Rf2+ 0-1

[Event "Sachsen-Anhalt-ch Seniors 24th"]
[Site "Halberstadt"]
[Date "2016.05.29"]
[Round "1"]
[White "Gehrmann, Dorit"]
[Black "Krueger, Erich"]
[Result "1/2-1/2"]
[WhiteElo "1897"]
[BlackElo "2190"]
[PlyCount "48"]
[EventDate "2016.05.29"]
[EventType "swiss"]
[EventRounds "7"]
[EventCountry "GER"]
[SourceTitle "EXT 2019"]
[Source "ChessBase"]
[SourceDate "2018.10.10"]
[SourceVersion "1"]
[SourceVersionDate "2018.10.10"]
[SourceQuality "1"]

1. e4 c6 2. d4 d5 3. exd5 cxd5 4. Bd3 Nc6 5. c3 Nf6 6. Ne2 g6 7. 0-0 Bg7 8. h3 0-0 9. Bf4 Nh5 10. Bh2 e5 11. dxe5 Nxe5 12. Nf4 Nxf4 13. Bxf4 Nxd3 14. Qxd3 Qb6 15. Qd2 d4 16. cxd4 Bxd4 17. Nc3 Bg7 18. Rad1 Be6 19. Be3 Qc6 20. Bd4 Rfd8 21. Qe3 Bc4 22. Rfe1 Re8 23. Qf4 b6 24. Bxg7 Kxg7 1/2-1/2

[Event "Schleswig Holstein-ch Seniors op 9th"]
[Site "Buesum"]
[Date "2015.10.06"]
[Round "8"]
[White "Potschka, Dieter"]
[Black "Gehrmann, Dorit"]
[Result "1/2-1/2"]
[WhiteElo "1791"]
[BlackElo "1915"]
[PlyCount "79"]
[EventDate "2015.09.28"]
[EventType "swiss"]
[EventRounds "9"]
[EventCountry "GER"]
[SourceTitle "EXT 2018"]
[Source "ChessBase"]
[SourceDate "2017.10.13"]
[SourceVersion "1"]
[SourceVersionDate "2017.10.13"]
[SourceQuality "1"]

1. c4 c5 2. Nc3 g6 3. Nf3 Bg7 4. e3 Nc6 5. a3 e6 6. Be2 Nge7 7. d4 cxd4 8. exd4 d5 9. 0-0 dxc4 10. Bxc4 Nxd4 11. Nxd4 Qxd4 12. Qb3 0-0 13. Be3 Qe5 14. Rad1 Nc6 15. Qc2 Qa5 16. Nb5 e5 17. b4 Nxb4 18. axb4 Qxb4 19. Nc7 Bf5 20. Qb3 Qxb3 21. Bxb3 Rac8 22. Nd5 Kh8 23. Ne7 Rc3 24. Nxf5 Rxb3 25. Nxg7 Kxg7 26. Bxa7 Ra8 27. Bc5 Ra2 28. Rb1 Rab2 29. Rxb2 Rxb2 30. f4 Rc2 31. Bd6 exf4 32. Bxf4 Rc5 33. Rb1 b5 34. Be3 Rd5 35. Rb4 h5 36. h3 g5 37. Kf2 Kg6 38. Kf3 f6 39. g3 Rf5+ 40. Ke2 1/2-1/2

[Event "Schleswig Holstein-ch Seniors op 9th"]
[Site "Buesum"]
[Date "2015.09.29"]
[Round "2"]
[White "Graffenberger, Wilhelm"]
[Black "Gehrmann, Dorit"]
[Result "0-1"]
[WhiteElo "1730"]
[BlackElo "1915"]
[PlyCount "120"]
[EventDate "2015.09.28"]
[EventType "swiss"]
[EventRounds "9"]
[EventCountry "GER"]
[SourceTitle "EXT 2018"]
[Source "ChessBase"]
[SourceDate "2017.10.13"]
[SourceVersion "1"]
[SourceVersionDate "2017.10.13"]
[SourceQuality "1"]

1. d4 d5 2. Nf3 Nf6 3. e3 c6 4. Bd3 Bg4 5. Nbd2 Nbd7 6. 0-0 e5 7. e4 dxe4 8. Nxe4 Nxe4 9. Bxe4 Nf6 10. Bg5 Bxf3 11. Bxf3 Qxd4 12. Qxd4 exd4 13. Rfe1+ Be7 14. Re5 Kf8 15. Rae1 Bb4 16. R1e2 Bd6 17. Bxf6 gxf6 18. R5e4 Rd8 19. Kf1 Be5 20. Rd2 c5 21. Rh4 b6 22. Be4 Ke7 23. f4 Bc7 24. Re2 Kf8 25. Rxh7 Rxh7 26. Bxh7 Bxf4 27. g3 Be5 28. Re4 c4 29. Rg4 Ke7 30. Ke2 Rh8 31. Rh4 Kf8 32. h3 Bxg3 33. Rg4 Be5 34. Bf5 Rxh3 35. Rg8+ Kxg8 36. Bxh3 Kf8 37. Bf5 Ke7 38. b3 cxb3 39. cxb3 Kd6 40. Kd3 Kc5 41. a4 Bg3 42. Kc2 Kd5 43. Kd3 Ke5 44. Be4 f5 45. Bg2 Bf2 46. b4 a5 47. b5 Kf4 48. Bh3 f6 49. Ke2 Be3 50. Kd3 Ke5 51. Bg2 Bg1 52. Ke2 Kd6 53. Kf1 Be3 54. Bf3 Kc5 55. Bd1 d3 56. Kg2 Kb4 57. Kf3 f4 58. Ke4 Kc3 59. Kf5 Kd2 60. Bf3 Kc1 0-1

[Event "Sachsen-Anhalt-ch Seniors 23rd"]
[Site "Halberstadt"]
[Date "2015.06.03"]
[Round "4"]
[White "Scherf, Siegfried"]
[Black "Gehrmann, Dorit"]
[Result "0-1"]
[WhiteElo "1596"]
[BlackElo "1755"]
[PlyCount "64"]
[EventDate "2015.05.31"]
[EventType "swiss"]
[EventRounds "7"]
[EventCountry "GER"]
[SourceTitle "EXT 2018"]
[Source "ChessBase"]
[SourceDate "2017.10.13"]
[SourceVersion "1"]
[SourceVersionDate "2017.10.13"]
[SourceQuality "1"]

1. d4 d5 2. Nc3 Nf6 3. Bg5 e6 4. e4 dxe4 5. Nxe4 Be7 6. Nxf6+ gxf6 7. Be3 Nc6 8. c3 f5 9. Qd2 Qd5 10. c4 Qd7 11. a3 b6 12. Nf3 Bb7 13. Ne5 Nxe5 14. dxe5 Qxd2+ 15. Bxd2 0-0-0 16. Bc3 Rhg8 17. f3 Bh4+ 18. Ke2 Ba6 19. Ke3 Be7 20. b4 Bb7 21. Rg1 Bg5+ 22. Ke2 h5 23. Rd1 Rxd1 24. Kxd1 Be3 25. Rh1 a6 26. Ke2 Bc1 27. a4 Rd8 28. g3 f4 29. Bg2 Be3 30. gxf4 Bxf4 31. h3 Rg8 32. Bf1 Rg3 0-1

[Event "GER-chT Seniors 23rd"]
[Site "Bergen"]
[Date "2014.09.04"]
[Round "5.3"]
[White "Gehrmann, Dorit"]
[Black "Nuenchert, Eveline"]
[Result "0-1"]
[WhiteElo "1941"]
[BlackElo "2090"]
[PlyCount "72"]
[EventDate "2014.09.01"]
[EventType "team-swiss"]
[EventRounds "7"]
[EventCountry "GER"]
[SourceTitle "EXT 2018"]
[Source "ChessBase"]
[SourceDate "2017.10.13"]
[SourceVersion "1"]
[SourceVersionDate "2017.10.13"]
[SourceQuality "1"]

1. e4 d5 2. exd5 Qxd5 3. Nc3 Qa5 4. Bc4 Nf6 5. Qe2 c6 6. d3 Bf5 7. Bf4 e6 8. Nf3 Nbd7 9. 0-0 Be7 10. Rfe1 0-0 11. Nd4 Rfe8 12. a3 Qb6 13. Nxf5 exf5 14. Qd2 Nh5 15. Rab1 Qd4 16. Ne2 Qf6 17. Be3 Ne5 18. Bb3 Ng4 19. Bd4 Qh4 20. h3 Bd6 21. f4 Nh6 22. Bf2 Qf6 23. g3 Rad8 24. Kg2 Qg6 25. Kh2 Nf6 26. Bxa7 c5 27. Bb6 Rc8 28. Ba2 Re7 29. b4 Nh5 30. bxc5 Rxe2+ 31. Qxe2 Qxg3+ 32. Kh1 Nxf4 33. Rg1 Qxh3+ 34. Qh2 Qf3+ 35. Rg2 Bb8 36. Re1 Nh3 0-1

[Event "GER-chT Seniors 23rd"]
[Site "Bergen"]
[Date "2014.09.02"]
[Round "2.3"]
[White "Schneider, Alexander"]
[Black "Gehrmann, Dorit"]
[Result "1-0"]
[WhiteElo "2061"]
[BlackElo "1941"]
[PlyCount "117"]
[EventDate "2014.09.01"]
[EventType "team-swiss"]
[EventRounds "7"]
[EventCountry "GER"]
[SourceTitle "EXT 2018"]
[Source "ChessBase"]
[SourceDate "2017.10.13"]
[SourceVersion "1"]
[SourceVersionDate "2017.10.13"]
[SourceQuality "1"]

1. d4 d5 2. c4 Nf6 3. Nc3 c6 4. e3 Bf5 5. Nf3 Nbd7 6. cxd5 cxd5 7. Nh4 Be6 8. Bd3 Nb6 9. 0-0 Bd7 10. a4 e6 11. Nf3 a6 12. Ne5 Bd6 13. a5 Nc4 14. Nxd7 Nxd7 15. Bxc4 dxc4 16. Ne4 Bxh2+ 17. Kxh2 Qh4+ 18. Kg1 Qxe4 19. Qa4 Qd5 20. Qa3 h5 21. f3 h4 22. Qc3 h3 23. e4 Qh5 24. g3 h2+ 25. Kh1 g5 26. Rf2 Qh3 27. Bxg5 Qxg3 28. Rg2 Qc7 29. e5 Nb8 30. Bf6 Rf8 31. Qb4 Nc6 32. Qc5 Kd7 33. Qxc4 Rae8 34. Rc2 Kc8 35. b4 Kb8 36. Qc5 Qd7 37. Rd1 Ne7 38. Bxe7 Rxe7 39. Kxh2 Ree8 40. Rdc1 Rh8+ 41. Kg3 Reg8+ 42. Kf4 Rd8 43. Ke3 Rh4 44. Rc4 Qe8 45. Qc7+ Ka8 46. Qxd8+ Qxd8 47. Rc8+ Qxc8 48. Rxc8+ Ka7 49. Rc7 Rh7 50. Ke4 Kb8 51. Re7 Rh4+ 52. f4 Rh7 53. d5 exd5+ 54. Kxd5 Kc8 55. f5 Rh4 56. Rxf7 Rxb4 57. e6 Kd8 58. f6 Ke8 59. Rh7 1-0

[Event "GER-chA Seniors 26th"]
[Site "Bad Neuenahr"]
[Date "2014.08.11"]
[Round "7"]
[White "Gehrmann, Dorit"]
[Black "Tuertmann, Dieter"]
[Result "1/2-1/2"]
[WhiteElo "1941"]
[BlackElo "2002"]
[PlyCount "137"]
[EventDate "2014.08.05"]
[EventType "swiss"]
[EventRounds "9"]
[EventCountry "GER"]
[SourceTitle "EXT 2018"]
[Source "ChessBase"]
[SourceDate "2017.10.13"]
[SourceVersion "1"]
[SourceVersionDate "2017.10.13"]
[SourceQuality "1"]

1. e4 c6 2. d4 g6 3. Nf3 Bg7 4. Nc3 Qc7 5. g3 d6 6. Bg2 Nd7 7. 0-0 Ngf6 8. h3 0-0 9. Be3 a6 10. a4 b6 11. Qd2 Bb7 12. e5 dxe5 13. Nxe5 Nxe5 14. dxe5 Rfd8 15. Qc1 Nd5 16. Nxd5 cxd5 17. f4 e6 18. Qd2 Bf8 19. c3 Rac8 20. Kh2 Bc5 21. Rfd1 a5 22. Bd4 Qe7 23. Bf1 Bc6 24. Be2 Rb8 25. Bf1 Qe8 26. Qc2 Rbc8 27. Ba6 Rc7 28. Be2 Qe7 29. Qd2 Rcd7 30. Bf1 Rb8 31. Qf2 Ra7 32. Bg2 Be8 33. Bf1 Rc8 34. Qd2 Rac7 35. Ba6 Ra8 36. Bf1 Rd7 37. Qf2 Rdd8 38. Qd2 Bc6 39. Qf2 Rdc8 40. Bd3 Rc7 41. h4 Qd7 42. Bc2 Bb7 43. Kg2 Rac8 44. Bd3 Bc6 45. Bc2 Qe7 46. Rh1 h5 47. Bd3 Rb8 48. Kh3 Bd7 49. Rhg1 Bxd4 50. Qxd4 Qc5 51. Rg2 Rbc8 52. Qf2 Qxf2 53. Rxf2 f5 54. Rd2 Rc5 55. Ba6 Ra8 56. Be2 Be8 57. Kg2 Kf7 58. Kf2 b5 59. axb5 Bxb5 60. Bxb5 Rxb5 61. b4 a4 62. Rda2 d4 63. Rxa4 Rxa4 64. Rxa4 dxc3 65. Ra7+ Kf8 66. Rc7 Rxb4 67. Rxc3 Rb2+ 68. Kf3 Rb6 69. Rc7 1/2-1/2

[Event "GER-chA Seniors 26th"]
[Site "Bad Neuenahr"]
[Date "2014.08.09"]
[Round "5"]
[White "Gehrmann, Dorit"]
[Black "Reinhold, Klaus"]
[Result "0-1"]
[WhiteElo "1941"]
[BlackElo "2097"]
[PlyCount "62"]
[EventDate "2014.08.05"]
[EventType "swiss"]
[EventRounds "9"]
[EventCountry "GER"]
[SourceTitle "EXT 2018"]
[Source "ChessBase"]
[SourceDate "2017.10.13"]
[SourceVersion "1"]
[SourceVersionDate "2017.10.13"]
[SourceQuality "1"]

1. e4 e5 2. Nf3 Nc6 3. Nc3 Nf6 4. Bc4 Nxe4 5. Bxf7+ Kxf7 6. Nxe4 d5 7. Ng3 e4 8. Ng1 g6 9. N1e2 Bg7 10. 0-0 Ne5 11. d4 exd3 12. cxd3 Re8 13. f4 Ng4 14. f5 Kg8 15. h3 Ne3 16. Bxe3 Rxe3 17. fxg6 hxg6 18. d4 Qd6 19. Re1 Bxh3 20. Nf1 Rxe2 21. Qxe2 Bxd4+ 22. Kh1 Bf5 23. Rac1 Qf4 24. Qf3 Qh4+ 25. Nh2 Be4 26. Qg4 Qxg4 27. Nxg4 c5 28. b3 Kg7 29. Rf1 Rh8+ 30. Nh2 Be5 31. Kg1 Bxh2+ 0-1

[Event "GER-chA Seniors 26th"]
[Site "Bad Neuenahr"]
[Date "2014.08.07"]
[Round "3"]
[White "Gehrmann, Dorit"]
[Black "Benninger, Rudolf"]
[Result "1/2-1/2"]
[WhiteElo "1941"]
[BlackElo "2088"]
[PlyCount "35"]
[EventDate "2014.08.05"]
[EventType "swiss"]
[EventRounds "9"]
[EventCountry "GER"]
[SourceTitle "EXT 2018"]
[Source "ChessBase"]
[SourceDate "2017.10.13"]
[SourceVersion "1"]
[SourceVersionDate "2017.10.13"]
[SourceQuality "1"]

1. e4 g6 2. d4 Bg7 3. f4 c5 4. Nf3 cxd4 5. Nxd4 Nc6 6. Nxc6 bxc6 7. Bd3 Rb8 8. c3 d5 9. Qe2 Nh6 10. 0-0 0-0 11. Kh1 Bg4 12. Qf2 d4 13. Bc4 Be6 14. Bxe6 fxe6 15. cxd4 Bxd4 16. Qh4 Bg7 17. Qh3 e5 18. Nc3 1/2-1/2

[Event "Sachsen-Anhalt-ch Seniors 22nd"]
[Site "Halberstadt"]
[Date "2014.05.27"]
[Round "3"]
[White "Engelhardt, Erhard"]
[Black "Gehrmann, Dorit"]
[Result "0-1"]
[WhiteElo "1618"]
[BlackElo "1781"]
[PlyCount "94"]
[EventDate "2014.05.25"]
[EventType "swiss"]
[EventRounds "7"]
[EventCountry "GER"]
[SourceTitle "EXT 2018"]
[Source "ChessBase"]
[SourceDate "2017.10.13"]
[SourceVersion "1"]
[SourceVersionDate "2017.10.13"]
[SourceQuality "1"]

1. f4 d5 2. e3 g6 3. Nf3 Bg7 4. d4 Nf6 5. Bd3 b6 6. Qe2 0-0 7. Nbd2 Bb7 8. c3 a5 9. a4 Ba6 10. Bxa6 Nxa6 11. Ne5 c5 12. 0-0 Qd6 13. b3 Nb8 14. Ba3 Qc7 15. Rfc1 Nbd7 16. Qf3 e6 17. Nd3 Rfc8 18. Ne5 Qb7 19. c4 Bf8 20. Bb2 cxd4 21. exd4 Bb4 22. Bc3 Bf8 23. Nxd7 Qxd7 24. h3 Rab8 25. Qd3 Bh6 26. Rf1 Qc7 27. Qf3 Bg7 28. Rac1 Qd7 29. Qd3 Ne8 30. Bb2 Nf6 31. Nf3 dxc4 32. bxc4 Qxa4 33. Rc2 Rb7 34. Ra1 Qe8 35. Bc1 Nd7 36. Raa2 Qd8 37. Ne5 Nxe5 38. fxe5 Bxe5 39. Be3 Bg7 40. Rd2 Rd7 41. Ra3 Bf8 42. Rb3 Rc6 43. Qe2 Qc7 44. Rc2 Rd8 45. Rcb2 Bb4 46. Qf2 f5 47. Bg5 Rxd4 0-1

[Event "Lueneburg op"]
[Site "Lueneburg"]
[Date "2013.07.15"]
[Round "1"]
[White "Kopylov, Michael"]
[Black "Gehrmann, Dorit"]
[Result "1-0"]
[WhiteElo "2454"]
[BlackElo "1927"]
[PlyCount "55"]
[EventDate "2013.07.15"]
[EventType "swiss"]
[EventRounds "7"]
[EventCountry "GER"]
[SourceTitle "CBM 155 Extra"]
[Source "ChessBase"]
[SourceDate "2013.08.26"]
[SourceVersion "1"]
[SourceVersionDate "2013.08.26"]
[SourceQuality "1"]

1. d4 d5 2. c4 c6 3. Nf3 Nf6 4. Qc2 e6 5. g3 Nbd7 6. Bg2 Be7 7. 0-0 dxc4 8. Qxc4 Nb6 9. Qb3 0-0 10. Nc3 Bd7 11. Rd1 Qc8 12. Ne5 h6 13. e4 c5 14. d5 c4 15. Qc2 exd5 16. exd5 Bd6 17. Nxd7 Qxd7 18. a4 Bb4 19. d6 Rad8 20. Bf4 a6 21. a5 Nc8 22. Ra4 Bxd6 23. Rxc4 Ne8 24. Ne4 Qf5 25. Rcd4 g5 26. Rd5 Qg6 27. Bxd6 Ncxd6 28. Qd3 1-0

[Event "SH-ch Seniors op"]
[Site "Eckernfoerde"]
[Date "2012.10.04"]
[Round "6.15"]
[White "Quiring, Nikolai"]
[Black "Gehrmann, Dorit"]
[Result "1-0"]
[WhiteElo "2102"]
[BlackElo "1937"]
[PlyCount "55"]
[EventDate "2012.09.29"]
[EventType "swiss"]
[EventRounds "7"]
[EventCountry "GER"]
[SourceTitle "EXT 2022"]
[Source "ChessBase"]
[SourceDate "2021.10.06"]
[SourceVersion "1"]
[SourceVersionDate "2021.10.06"]
[SourceQuality "1"]

1. d4 d5 2. c4 Nf6 3. cxd5 Nxd5 4. e4 Nf6 5. Nc3 e6 6. Bg5 Be7 7. Nf3 c6 8. Qb3 Nbd7 9. Rd1 Qa5 10. Bd2 Qb6 11. Qc2 0-0 12. Bd3 g6 13. e5 Nd5 14. Nxd5 cxd5 15. h4 Bb4 16. h5 Kg7 17. a3 Bxd2+ 18. Qxd2 Rh8 19. hxg6 hxg6 20. Rxh8 Kxh8 21. Qh6+ Kg8 22. Ng5 Nf8 23. Qh4 Qd8 24. Ke2 f6 25. Rh1 fxg5 26. Qh8+ Kf7 27. Rh7+ Nxh7 28. Qxd8 1-0

[Event "SH-ch Seniors op"]
[Site "Eckernfoerde"]
[Date "2012.10.02"]
[Round "4.21"]
[White "Thielemann, Joachim"]
[Black "Gehrmann, Dorit"]
[Result "1-0"]
[WhiteElo "1868"]
[BlackElo "1937"]
[PlyCount "70"]
[EventDate "2012.09.29"]
[EventType "swiss"]
[EventRounds "7"]
[EventCountry "GER"]
[SourceTitle "EXT 2022"]
[Source "ChessBase"]
[SourceDate "2021.10.06"]
[SourceVersion "1"]
[SourceVersionDate "2021.10.06"]
[SourceQuality "1"]

1. e4 c5 2. Nf3 Nc6 3. d4 cxd4 4. Nxd4 a6 5. c3 d6 6. Be3 Nf6 7. f3 e5 8. Nb3 d5 9. exd5 Qxd5 10. N1d2 Be7 11. Bc4 Qd8 12. 0-0 0-0 13. Qc2 b5 14. Bd3 Bb7 15. Rad1 h6 16. Ne4 Qc7 17. Qf2 Nh5 18. Bb6 Qc8 19. Rfe1 Nd8 20. Bc5 Bxc5 21. Nexc5 Qc7 22. Bf5 Nc6 23. Rd7 Qc8 24. Nxb7 Nb8 25. Nd6 Qc6 26. Rd1 Nxd7 27. Be4 Qc7 28. Bxa8 Rxa8 29. Ne4 Nhf6 30. Nxf6+ Nxf6 31. Qd2 Re8 32. Kf1 e4 33. Re1 exf3 34. Rxe8+ Nxe8 35. gxf3 Qxh2 1-0

[Event "GER-chT Seniors 20th"]
[Site "Gladenbach"]
[Date "2011.09.15"]
[Round "5.4"]
[White "Gehrmann, Dorit"]
[Black "Segebarth, Bernd"]
[Result "1/2-1/2"]
[WhiteElo "1819"]
[BlackElo "1674"]
[PlyCount "111"]
[EventDate "2011.09.11"]
[EventType "team-swiss"]
[EventRounds "7"]
[EventCountry "GER"]
[SourceTitle "CBM 144 Extra"]
[Source "ChessBase"]
[SourceDate "2011.10.28"]
[SourceVersion "1"]
[SourceVersionDate "2011.10.28"]
[SourceQuality "1"]
[WhiteTeam "Schleswig Holstein II"]
[BlackTeam "Mecklenburg Vorpommern II"]
[WhiteTeamCountry "GER"]
[BlackTeamCountry "GER"]

1. e4 e6 2. d4 d5 3. Nc3 dxe4 4. Nxe4 Bd7 5. Nf3 Bc6 6. Bd3 Nd7 7. Qe2 Ngf6 8. Nxf6+ Nxf6 9. 0-0 Bxf3 10. Qxf3 c6 11. c3 Qd5 12. Qe2 Qh5 13. Qxh5 Nxh5 14. Be3 Bd6 15. f4 0-0 16. f5 exf5 17. Rxf5 g6 18. Rf3 f5 19. Bh6 Rfe8 20. Bc4+ Kh8 21. Raf1 Bf8 22. Bxf8 Rxf8 23. g4 Ng7 24. Bd3 Rae8 25. gxf5 Nxf5 26. Bxf5 Rxf5 27. Rxf5 gxf5 28. Rxf5 Re2 29. Rf2 Re7 30. Kg2 Kg7 31. Kf3 h6 32. Rg2+ Kf7 33. h4 Re1 34. h5 Rh1 35. Kg4 Rf1 36. Kg3 Rh1 37. Rh2 Re1 38. Kg4 Rg1+ 39. Kf5 Re1 40. Kf4 Rg1 41. Ke5 Ke7 42. Kf5 Kf7 43. Ke4 Ke6 44. Kd3 Rg3+ 45. Kc4 Rg5 46. a4 Kd6 47. Rh3 Rg2 48. b4 Rg5 49. Kd3 a5 50. Kc4 axb4 51. Kxb4 b6 52. Rh4 Ke6 53. c4 Kd6 54. c5+ bxc5+ 55. dxc5+ Kc7 56. Rh1 1/2-1/2

[Event "GER-chT Seniors 20th"]
[Site "Gladenbach"]
[Date "2011.09.14"]
[Round "4.4"]
[White "Gehrmann, Dorit"]
[Black "Neumann, Horst"]
[Result "1/2-1/2"]
[WhiteElo "1819"]
[BlackElo "1778"]
[PlyCount "40"]
[EventDate "2011.09.11"]
[EventType "team-swiss"]
[EventRounds "7"]
[EventCountry "GER"]
[SourceTitle "CBM 144 Extra"]
[Source "ChessBase"]
[SourceDate "2011.10.28"]
[SourceVersion "1"]
[SourceVersionDate "2011.10.28"]
[SourceQuality "1"]
[WhiteTeam "Schleswig Holstein II"]
[BlackTeam "Rheinland Pfalz"]
[WhiteTeamCountry "GER"]
[BlackTeamCountry "GER"]

1. e4 c6 2. d4 d5 3. e5 Bf5 4. Bd3 Bxd3 5. Qxd3 e6 6. Ne2 Nd7 7. 0-0 Ne7 8. Nd2 Nf5 9. Nb3 c5 10. Nxc5 Bxc5 11. dxc5 Nxe5 12. Qb5+ Qd7 13. Nc3 Nd4 14. Qa5 Nc4 15. Qa4 Qxa4 16. Nxa4 Nxc2 17. Rb1 Rc8 18. b3 N2a3 19. Ra1 Nc2 20. Rb1 N2a3 1/2-1/2

[Event "Gran Canaria CupT"]
[Site "Gran Canaria"]
[Date "2011.06.04"]
[Round "6.2"]
[White "Mayor Gonzalez, Julio"]
[Black "Gehrmann, Dorit"]
[Result "1/2-1/2"]
[WhiteElo "1911"]
[BlackElo "1985"]
[PlyCount "57"]
[EventDate "2011.06.02"]
[EventType "team-tourn"]
[EventRounds "7"]
[EventCountry "ESP"]
[SourceTitle "CBM 142 Extra"]
[Source "ChessBase"]
[SourceDate "2011.06.27"]
[SourceVersion "1"]
[SourceVersionDate "2011.06.27"]
[SourceQuality "1"]
[WhiteTeam "Vecindario CajaCanarias"]
[BlackTeam "Havana"]
[WhiteTeamCountry "ESP"]
[BlackTeamCountry "ESP"]

1. d4 d5 2. Nf3 Nf6 3. e3 c6 4. Bd3 Bg4 5. Nbd2 Nbd7 6. 0-0 e5 7. dxe5 Nxe5 8. Be2 Nxf3+ 9. Bxf3 Bxf3 10. Qxf3 Be7 11. e4 dxe4 12. Nxe4 Nxe4 13. Qxe4 0-0 14. Be3 Re8 15. Qc4 Qc7 16. Rad1 Bd6 17. g3 Re6 18. Rd3 b6 19. Rfd1 h6 20. Qxe6 fxe6 21. Rxd6 c5 22. Bf4 Rf8 23. Be5 Qf7 24. f4 Qf5 25. R1d2 Qe4 26. a3 Qe3+ 27. Kg2 Qe4+ 28. Kg1 Qe3+ 29. Kg2 1/2-1/2

[Event "Gran Canaria CupT"]
[Site "Gran Canaria"]
[Date "2011.06.02"]
[Round "1.2"]
[White "Perez Castellano, Susana"]
[Black "Gehrmann, Dorit"]
[Result "1-0"]
[WhiteElo "1807"]
[BlackElo "1985"]
[PlyCount "58"]
[EventDate "2011.06.02"]
[EventType "team-tourn"]
[EventRounds "7"]
[EventCountry "ESP"]
[SourceTitle "CBM 142 Extra"]
[Source "ChessBase"]
[SourceDate "2011.06.27"]
[SourceVersion "1"]
[SourceVersionDate "2011.06.27"]
[SourceQuality "1"]
[WhiteTeam "Anand Iberia"]
[BlackTeam "Havana"]
[WhiteTeamCountry "ESP"]
[BlackTeamCountry "ESP"]

1. e4 c5 2. Nf3 Nc6 3. d4 cxd4 4. Nxd4 Nf6 5. Nc3 a6 6. Be2 d6 7. 0-0 g6 8. Kh1 Bg7 9. f4 0-0 10. Be3 Ng4 11. Bxg4 Bxg4 12. Nxc6 Qd7 13. Nxe7+ Kh8 14. Nxg6+ hxg6 15. Qd2 Rac8 16. Bd4 f6 17. Nd5 Rc6 18. Ne3 Be6 19. f5 gxf5 20. Nxf5 Bxf5 21. Rxf5 Qe8 22. Bxf6 Rxf6 23. Rxf6 Bxf6 24. Qh6+ Kg8 25. Qxf6 Rxc2 26. Qg5+ Kh8 27. Qh4+ Kg8 28. Qg3+ Kh7 29. Qh3+ Kg8 1-0